书目信息 |
| 题名: |
中国产业:国际分工地位和结构的战略性调整
|
|
| 作者: | 汪斌 著 | |
| 分册: | ||
| 出版信息: | 北京 光明日报出版社 2006 |
|
| 页数: | 195页 | |
| 开本: | 24cm | |
| 丛书名: | 光明学术文库 | |
| 单 册: | ||
| 中图分类: | F121.3 | |
| 科图分类: | ||
| 主题词: | 产业结构--研究--中国 , 产业结构 | |
| 电子资源: | ||
| ISBN: | 7-80206-385-X | |
| 000 | 01277oam2 2200301 450 | |
| 001 | 003426604 | |
| 005 | 20070807144735.93 | |
| 010 | @a7-80206-385-X@dCNY29.00 | |
| 035 | @a003426604 | |
| 100 | @a20070318d2006 em y0chiy0110 ea | |
| 101 | 0 | @achi@eeng |
| 102 | @aCN@b110000 | |
| 105 | @ay z 000yy | |
| 106 | @ar | |
| 200 | 1 | @a中国产业:国际分工地位和结构的战略性调整@Azhong guo chan ye : guo ji fen gong di wei he jie gou de zhan lve xing tiao zheng@e以国际区域为新切入点的理论与实证分析@Eyi guo ji qu yu wei xin qie ru dian de li lun yu shi zheng fen xi@f汪斌著@Fwang bin zhu |
| 210 | @a北京@c光明日报出版社@d2006 | |
| 215 | @a195页@d24cm | |
| 225 | 2 | @a光明学术文库@Aguang ming xue shu wen ku@i当代浙江学术文丛 |
| 306 | @a浙江省社科联省级社会科学学术著作出版资金资助出版 | |
| 330 | @a本书研究的主题是:新一轮国际分工格局的诸特点解析、中国产业在新一轮国际分工格局中的地位、中国产业结构的战略性调整。 | |
| 462 | 0 | @1001003464970@12001 @a当代浙江学术文丛 |
| 517 | 1 | @a以国际区域为新切入点的理论与实证分析@Ayi guo ji qu yu wei xin qie ru dian de li lun yu shi zheng fen xi |
| 606 | 0 | @a产业结构@x研究@y中国 |
| 606 | 0 | @a产业结构 |
| 690 | @aF121.3@v4 | |
| 701 | 0 | @a汪斌@Awang bin@f(1951~)@4著 |
| 801 | 0 | @aCN@bNLC@c20070807 |
| 905 | @dF121.3@e191@f3 | |
| 中国产业:国际分工地位和结构的战略性调整:以国际区域为新切入点的理论与实证分析/汪斌著.-北京:光明日报出版社,2006 |
| 195页;24cm.-(光明学术文库.当代浙江学术文丛) |
| ISBN 7-80206-385-X:CNY29.00 |
| 本书研究的主题是:新一轮国际分工格局的诸特点解析、中国产业在新一轮国际分工格局中的地位、中国产业结构的战略性调整。 |
| ● |
| 相关链接 |
|
|
|
|
正题名:中国产业:国际分工地位和结构的战略性调整
索取号:F121.3/191
 
预约/预借
| 序号 | 登录号 | 条形码 | 馆藏地/架位号 | 状态 | 备注 |
| 1 | 0853428 | 208534282 | 第一样本阅览室/ [索取号:F121.3/191] | 在馆 | |
| 2 | 0853429 | 208534291 | 第一借阅区/ [索取号:F121.3/191] | 在馆 | |
| 3 | 0853430 | 208534308 | 第一借阅区/ [索取号:F121.3/191] | 在馆 |